Statistics for 10 Bigest Cities in Kyrgyzstan

Click here to take the quiz!

General Stats

  • This quiz has been taken 11 times
  • The average score is 4 of 10

Answer Stats

Population City % Correct
900 000Bishkek
100%
255 000Osh City
75%
40 000Naryn
50%
75 000Jalal-Abad
38%
35 000Talas
38%
70 000Karakol
25%
65 000Tokmok
13%
50 000Kara-Balta
13%
45 000Uzgen
13%
40 000Balykchy
13%

Score Distribution

Percentile by Number Answered

Percent of People with Each Score

Your Score History

You have not taken this quiz